000 00926nam a2200265Ia 4500
003 OSt
005 20220930093557.0
006 a|||||r|||| 00| 0
007 ta
008 220926b |||||||| |||| 00| 0 eng d
024 _a43284
037 _cTheses
040 _aCRL
_cCRL
_beng
041 _2eng
_aeng
100 _aManpreet Kaur Au.
_9547050
110 _aUniversity of Delhi. Faculty of Science. Department of Home Science
245 0 _aEffects of vitamin d supplemenatation in infancy on bone and lean mass growth during childhood
260 _c2016
300 _a318p.
_ap.
_ccm.
700 _a Dr. Geeta Trilok Kumar Gu.
_9539671
700 _a Prof. Harshpal Singh Sachdev Gu.
_9552516
700 _aUniversity of Delhi. Faculty of Science. Department of Home Science
942 _cDIS
_2CC
999 _c885605
_d885605